[Event "Asian Games tt (Women)"]
[Site "Hangzhou"]
[Date "2023.10.07"]
[Round "9.10"]
[White "Omonova, Umida"]
[Black "Abdumalik, Zhansaya"]
[Result "1/2-1/2"]
[WhiteElo "2147"]
[BlackElo "2473"]
[PlyCount "65"]
[EventDate "2023.09.29"]
[EventType "team-tourn"]
[EventRounds "9"]
[EventCountry "CHN"]
[SourceTitle "EXT 2024"]
[Source "ChessBase"]
[SourceDate "2023.10.10"]
[SourceVersion "1"]
[SourceVersionDate "2023.10.10"]
[SourceQuality "1"]
[WhiteTeam "Uzbekistan (W)"]
[BlackTeam "Kazakhstan (W)"]
[WhiteTeamCountry "UZB"]
[BlackTeamCountry "KAZ"]

1. e4 e5 2. Nf3 Nc6 3. Bb5 a6 4. Ba4 Nf6 5. 0-0 b5 6. Bb3 Bc5 7. c3 d6 8. d4 Bb6 9. h3 0-0 10. Re1 h6 11. Be3 Rb8 12. Nbd2 Re8 13. a4 Na5 14. Bc2 c5 15. Qe2 cxd4 16. cxd4 Nc6 17. dxe5 dxe5 18. axb5 axb5 19. Red1 Bxe3 20. Qxe3 Qb6 21. Qxb6 Rxb6 22. Nb3 Nb4 23. Bb1 Na6 24. Ne1 Be6 25. Nd2 Rd6 26. Bd3 Nc5 27. Be2 Red8 28. Ndf3 Nfxe4 29. Rxd6 Rxd6 30. b4 Ra6 31. Rxa6 Nxa6 32. Bxb5 Nxb4 33. Nxe5 1/2-1/2

[Event "Asian Games tt (Women)"]
[Site "Hangzhou"]
[Date "2023.10.04"]
[Round "6.11"]
[White "Abdumalik, Zhansaya"]
[Black "Fronda Pascua, Jan Jodilyn"]
[Result "1/2-1/2"]
[WhiteElo "2473"]
[BlackElo "2143"]
[PlyCount "129"]
[EventDate "2023.09.29"]
[EventType "team-tourn"]
[EventRounds "9"]
[EventCountry "CHN"]
[SourceTitle "EXT 2024"]
[Source "ChessBase"]
[SourceDate "2023.10.10"]
[SourceVersion "1"]
[SourceVersionDate "2023.10.10"]
[SourceQuality "1"]
[WhiteTeam "Kazakhstan (W)"]
[BlackTeam "Philippines (W)"]
[WhiteTeamCountry "KAZ"]
[BlackTeamCountry "PHI"]

1. e4 c5 2. Nc3 e6 3. Nf3 Nc6 4. d4 cxd4 5. Nxd4 Qc7 6. Be3 a6 7. Qf3 Nf6 8. 0-0-0 Be7 9. Be2 0-0 10. Qg3 Qxg3 11. hxg3 d5 12. Bf3 Ne5 13. exd5 Nxf3 14. Nxf3 exd5 15. Bg5 h6 16. Bxf6 Bxf6 17. Nxd5 Bd8 18. Nd4 Bd7 19. f3 Re8 20. Rhe1 g6 21. Rxe8+ Bxe8 22. g4 Rc8 23. Re1 Kf8 24. c3 Rc5 25. Nb4 h5 26. Nd3 Ra5 27. gxh5 Rxh5 28. Kc2 Bc7 29. b4 Bg3 30. Re2 Ba4+ 31. Kb2 b6 32. c4 Bd6 33. Nb3 Bc6 34. c5 bxc5 35. Ndxc5 Bb5 36. Rd2 Bf4 37. Rc2 Rh2 38. a4 Bf1 39. g4 Rxc2+ 40. Kxc2 Be3 41. Kd1 Ke7 42. Ke1 Bc4 43. Na5 Bd5 44. Ke2 Bxc5 45. bxc5 g5 46. Ke3 f6 47. f4 Kd8 48. fxg5 fxg5 49. Kd4 Bf3 50. Ke5 Bxg4 51. Kd6 Bf5 52. Nc6+ Ke8 53. Ne7 Bd7 54. c6 Bxc6 55. Nxc6 g4 56. Nd4 g3 57. Ne2 g2 58. Kc6 Kd8 59. Kb6 Kc8 60. Kxa6 Kb8 61. Kb6 Ka8 62. a5 Kb8 63. a6 Ka8 64. a7 g1Q+ 65. Nxg1 1/2-1/2

[Event "Asian Games tt (Women)"]
[Site "Hangzhou"]
[Date "2023.10.03"]
[Round "5.3"]
[White "Tan, Zhongyi"]
[Black "Abdumalik, Zhansaya"]
[Result "1/2-1/2"]
[WhiteElo "2517"]
[BlackElo "2473"]
[PlyCount "123"]
[EventDate "2023.09.29"]
[EventType "team-tourn"]
[EventRounds "9"]
[EventCountry "CHN"]
[SourceTitle "EXT 2024"]
[Source "ChessBase"]
[SourceDate "2023.10.10"]
[SourceVersion "1"]
[SourceVersionDate "2023.10.10"]
[SourceQuality "1"]
[WhiteTeam "China (W)"]
[BlackTeam "Kazakhstan (W)"]
[WhiteTeamCountry "CHN"]
[BlackTeamCountry "KAZ"]

1. d4 Nf6 2. c4 g6 3. g3 c6 4. Bg2 d5 5. Qa4 Bg7 6. cxd5 Nxd5 7. Nf3 Nb6 8. Qc2 0-0 9. 0-0 a5 10. Rd1 Na6 11. e4 Bg4 12. Be3 Nb4 13. Qe2 f5 14. Nc3 fxe4 15. Nxe4 Qc8 16. h3 Bxh3 17. Bxh3 Qxh3 18. Nfg5 Qf5 19. Nc5 N6d5 20. Nce6 Rf6 21. a3 Rxe6 22. Nxe6 Qxe6 23. axb4 Nxb4 24. Qd2 b6 25. Bh6 Bxh6 26. Qxh6 Rf8 27. Re1 Qf7 28. Qd2 Qf6 29. Re4 Nd5 30. Rae1 Qf3 31. Qc2 Rf5 32. Qe2 Qb3 33. Re6 Qa4 34. Qd2 Kf7 35. R6e5 Rf6 36. R1e4 Qb4 37. Qxb4 axb4 38. Kg2 Rd6 39. Re1 Rd7 40. Ra1 Nf6 41. Ra6 Rxd4 42. Re2 Nd5 43. Ra8 h5 44. f4 h4 45. Rf2 Rd3 46. gxh4 Ne3+ 47. Kg3 Nf1+ 48. Kg2 Ne3+ 49. Kg3 Nd1+ 50. Rf3 Nxb2 51. Ra6 Rxf3+ 52. Kxf3 Nc4 53. Ke4 b3 54. Kd3 b2 55. Kc2 Ke6 56. Ra7 c5 57. Rb7 Kf6 58. Kb1 e6 59. Kc2 e5 60. fxe5+ Kxe5 61. Rf7 Ke6 62. Rf8 1/2-1/2

[Event "Asian Games tt (Women)"]
[Site "Hangzhou"]
[Date "2023.09.30"]
[Round "2.7"]
[White "Sihite, Chelsie Monica"]
[Black "Abdumalik, Zhansaya"]
[Result "1/2-1/2"]
[WhiteElo "2251"]
[BlackElo "2473"]
[PlyCount "141"]
[EventDate "2023.09.29"]
[EventType "team-tourn"]
[EventRounds "9"]
[EventCountry "CHN"]
[SourceTitle "EXT 2024"]
[Source "ChessBase"]
[SourceDate "2023.10.10"]
[SourceVersion "1"]
[SourceVersionDate "2023.10.10"]
[SourceQuality "1"]
[WhiteTeam "Indonesia (W)"]
[BlackTeam "Kazakhstan (W)"]
[WhiteTeamCountry "INA"]
[BlackTeamCountry "KAZ"]

1. e4 e5 2. Nf3 Nc6 3. Bc4 Nf6 4. d3 h6 5. c3 d6 6. Nbd2 g5 7. h4 g4 8. Nh2 Rg8 9. Qb3 Qd7 10. Nhf1 Na5 11. Qc2 Nxc4 12. Nxc4 Nh5 13. Nce3 Qc6 14. Ng3 Nf4 15. c4 Be7 16. Bd2 b5 17. Rh2 Rb8 18. b3 Qc5 19. Rd1 Be6 20. Bc3 Bf6 21. Qd2 a5 22. Kf1 bxc4 23. bxc4 a4 24. Ngf5 h5 25. g3 Ng6 26. Nd5 Bxd5 27. cxd5 Ne7 28. Ne3 Kd7 29. Rc1 Qb5 30. Kg2 a3 31. Rhh1 Bg7 32. Rc2 Bh6 33. Rhc1 Rgc8 34. d4 f6 35. Qd1 Rb7 36. dxe5 fxe5 37. Bd2 Bxe3 38. Bxe3 c6 39. Bg5 cxd5 40. Bxe7 Rxc2 41. Rxc2 Kxe7 42. Qd2 Qe8 43. Qg5+ Kd7 44. Qf5+ Ke7 45. Qg5+ Kd7 46. Qg7+ Qe7 47. Qg8 Rc7 48. Rxc7+ Kxc7 49. Qxd5 Qh7 50. Qa5+ Kb7 51. Qb4+ Kc6 52. Qc4+ Kb6 53. Kf1 Ka7 54. Qa4+ Kb7 55. Qb5+ Kc7 56. Qc4+ Kd7 57. Qa4+ Ke6 58. Qe8+ Kf6 59. Qf8+ Ke6 60. Qe8+ Kf6 61. Qa8 Qg6 62. Ke2 Qf7 63. Qxa3 Qc4+ 64. Kd2 Qd4+ 65. Kc1 Ke7 66. Qa8 Qxf2 67. Qb7+ Kf6 68. Qd5 Ke7 69. Qb7+ Kf6 70. Qd5 Qxg3 71. Qxd6+ 1/2-1/2

[Event "Asian Games (Women)"]
[Site "Hangzhou"]
[Date "2023.09.26"]
[Round "6"]
[White "Abdumalik, Zhansaya"]
[Black "Harika, Dronavalli"]
[Result "1/2-1/2"]
[WhiteElo "2473"]
[BlackElo "2502"]
[PlyCount "89"]
[EventDate "2023.09.24"]
[EventType "swiss (rapid)"]
[EventRounds "9"]
[EventCountry "CHN"]
[SourceTitle "EXT 2024"]
[Source "ChessBase"]
[SourceDate "2023.10.10"]
[SourceVersion "1"]
[SourceVersionDate "2023.10.10"]
[SourceQuality "1"]

1. e4 e5 2. Nf3 Nc6 3. d4 exd4 4. Nxd4 Nf6 5. Nxc6 bxc6 6. e5 Qe7 7. Qe2 Nd5 8. c4 Ba6 9. Nd2 g6 10. Qe4 f5 11. exf6 Nxf6 12. Qxe7+ Bxe7 13. b3 0-0 14. f3 Rae8 15. Kd1 d5 16. Kc2 Bc8 17. Bb2 Bf5+ 18. Kd1 Bd6 19. Rc1 a5 20. g4 Bd7 21. h4 Be5 22. Ba3 Rf7 23. Bd3 a4 24. h5 gxh5 25. g5 axb3 26. gxf6 bxa2 27. Kc2 Rxf6 28. Bb2 Bf5 29. Bxe5 Bxd3+ 30. Kxd3 Rxe5 31. c5 Rf4 32. Rc2 Ra4 33. Nb3 d4 34. Rc4 Re3+ 35. Kxd4 Rxc4+ 36. Kxc4 Rxf3 37. Ra1 Rf2 38. Kd3 h4 39. Nd2 Rf5 40. Kc4 Rf4+ 41. Kb3 Rf5 42. Kc4 Rf4+ 43. Kb3 Rf5 44. Kb4 Rf4+ 45. Kb3 1/2-1/2

[Event "Asian Games (Women)"]
[Site "Hangzhou"]
[Date "2023.09.25"]
[Round "4"]
[White "Abdumalik, Zhansaya"]
[Black "Sukandar, Irine Kharisma"]
[Result "1-0"]
[WhiteElo "2473"]
[BlackElo "2371"]
[PlyCount "95"]
[EventDate "2023.09.24"]
[EventType "swiss (rapid)"]
[EventRounds "9"]
[EventCountry "CHN"]
[SourceTitle "EXT 2024"]
[Source "ChessBase"]
[SourceDate "2023.10.10"]
[SourceVersion "1"]
[SourceVersionDate "2023.10.10"]
[SourceQuality "1"]

1. e4 e5 2. Nf3 Nc6 3. d4 exd4 4. Nxd4 Bc5 5. Nb3 Bb6 6. Nc3 Nf6 7. Qe2 0-0 8. Bg5 h6 9. Bh4 a5 10. a4 Nd4 11. Qd3 Nxb3 12. cxb3 c6 13. 0-0-0 d5 14. exd5 g5 15. Bg3 Nxd5 16. Nxd5 cxd5 17. Qxd5 Qxd5 18. Rxd5 Be6 19. Rb5 Rfc8+ 20. Kb1 Bd4 21. Bd3 b6 22. h4 Bc5 23. hxg5 hxg5 24. Be5 f5 25. Rh6 Kf7 26. g4 fxg4 27. Bg6+ Ke7 28. Rh7+ Kf8 29. Bg7+ Ke7 30. Be5+ Kf8 31. Be4 Bg8 32. Rg7 Re8 33. Rxg5 Rad8 34. Bg7+ Kf7 35. Bg6+ Kxg7 36. Bxe8+ Kf8 37. Bg6 Be6 38. Kc2 Rc8 39. Kd2 Rd8+ 40. Ke2 Ke7 41. Rbxc5 bxc5 42. Rxc5 Rb8 43. Rb5 Ra8 44. Be4 Ra7 45. Ke3 Kd6 46. Kd4 Rf7 47. Rb6+ Kd7 48. Rxe6 1-0

[Event "Asian Games (Women)"]
[Site "Hangzhou"]
[Date "2023.09.25"]
[Round "3"]
[White "Rouda Essa, Alserkal"]
[Black "Abdumalik, Zhansaya"]
[Result "0-1"]
[WhiteElo "1912"]
[BlackElo "2473"]
[PlyCount "86"]
[EventDate "2023.09.24"]
[EventType "swiss (rapid)"]
[EventRounds "9"]
[EventCountry "CHN"]
[SourceTitle "EXT 2024"]
[Source "ChessBase"]
[SourceDate "2023.10.10"]
[SourceVersion "1"]
[SourceVersionDate "2023.10.10"]
[SourceQuality "1"]

1. e4 c6 2. d4 d5 3. Nd2 dxe4 4. Nxe4 Nf6 5. Nxf6+ exf6 6. c3 Bd6 7. Bd3 0-0 8. Qc2 Re8+ 9. Ne2 h5 10. 0-0 Nd7 11. Be3 Nf8 12. c4 h4 13. h3 Bc7 14. c5 Bb8 15. Qb3 g5 16. Bc4 Kg7 17. f4 Qc7 18. Kh1 b5 19. cxb6 axb6 20. a4 Ra5 21. Rac1 Ng6 22. Bg1 gxf4 23. Bh2 Rf5 24. Nc3 Re3 25. Rce1 Rxe1 26. Rxe1 Bb7 27. Re8 b5 28. Bxf7 Nf8 29. Bg8 Ba7 30. Ne2 Qd7 31. Re4 c5 32. Rxf4 c4 33. Rg4+ Rg5 34. Rxg5+ fxg5 35. Bxc4 bxc4 36. Qxc4 Ng6 37. b4 Kh6 38. Qc3 Qd5 39. Qf3 Qxf3 40. gxf3 Bxf3+ 41. Kg1 Bxe2 42. b5 Bxd4+ 43. Kg2 Nf4+ 0-1

[Event "Saint Louis Cairns Cup (Women) 3rd"]
[Site "Saint Louis"]
[Date "2023.06.07"]
[Round "5"]
[White "Abdumalik, Zhansaya"]
[Black "Kosteniuk, Alexandra"]
[Result "1/2-1/2"]
[WhiteElo "2497"]
[BlackElo "2535"]
[PlyCount "62"]
[EventDate "2023.06.03"]
[EventType "tourn"]
[EventRounds "9"]
[EventCountry "USA"]
[EventCategory "10"]
[SourceTitle "CBM 214 Extra"]
[Source "ChessBase"]
[SourceDate "2023.07.31"]
[SourceVersion "1"]
[SourceVersionDate "2023.07.31"]
[SourceQuality "1"]

1. e4 e5 2. Nf3 Nc6 3. Nc3 Nf6 4. d4 exd4 5. Nxd4 Bb4 6. Nxc6 bxc6 7. Bd3 0-0 8. 0-0 d5 9. Bd2 Bxc3 10. Bxc3 dxe4 11. Bxf6 Qxf6 12. Bxe4 Qxb2 13. Bxc6 Rb8 14. Rb1 Qxb1 15. Qxb1 Rxb1 16. Rxb1 Rd8 17. Bf3 Kf8 18. Rb8 Re8 19. h3 Ba6 20. Rb3 Be2 21. Rb7 Bxf3 22. gxf3 Re5 23. Rxa7 Rc5 24. a4 Rxc2 25. a5 Ra2 26. Rxc7 Rxa5 27. Kg2 Rg5+ 28. Kh2 Rf5 29. Kg2 Rg5+ 30. Kh2 Rf5 31. Kg2 Rg5+ 1/2-1/2

[Event "Saint Louis Cairns Cup (Women) 3rd"]
[Site "Saint Louis"]
[Date "2023.06.03"]
[Round "1"]
[White "Abdumalik, Zhansaya"]
[Black "Krush, Irina"]
[Result "0-1"]
[WhiteElo "2497"]
[BlackElo "2436"]
[PlyCount "120"]
[EventDate "2023.06.03"]
[EventType "tourn"]
[EventRounds "9"]
[EventCountry "USA"]
[EventCategory "10"]
[SourceTitle "CBM 214 Extra"]
[Source "ChessBase"]
[SourceDate "2023.07.31"]
[SourceVersion "1"]
[SourceVersionDate "2023.07.31"]
[SourceQuality "1"]

1. e4 c5 2. Nf3 d6 3. d4 cxd4 4. Nxd4 Nf6 5. Nc3 Nc6 6. Bg5 e6 7. Qd2 a6 8. 0-0-0 Bd7 9. f4 Be7 10. Nf3 b5 11. Bxf6 gxf6 12. f5 h5 13. Kb1 Qa5 14. Bd3 0-0-0 15. Rhe1 Kb7 16. Qf2 Rc8 17. Ne2 e5 18. Nc1 Qb6 19. Qxb6+ Kxb6 20. Ne2 Bd8 21. Nc3 Ne7 22. Bf1 Bc7 23. Re3 Bc6 24. a3 h4 25. Red3 Rcd8 26. b3 Kb7 27. Kb2 Nxf5 28. exf5 e4 29. Rd5 exf3 30. gxf3 Rhg8 31. R5d4 Bxf3 32. R1d3 Bh1 33. Nd5 Rg5 34. Bh3 Bxd5 35. Rxd5 Bb6 36. Rxd6 Rxd6 37. Rxd6 Bc7 38. Rd2 Be5+ 39. c3 Kc7 40. Rf2 Rg1 41. Bf1 Rh1 42. h3 Bg3 43. Rf3 Rh2+ 44. Kb1 Kd6 45. c4 bxc4 46. Bxc4 a5 47. Rd3+ Ke5 48. Rd5+ Ke4 49. Rxa5 Rxh3 50. Bxf7 Rh1+ 51. Kc2 Rh2+ 52. Kb1 h3 53. Be8 Be5 54. Bc6+ Kd3 55. Rd5+ Bd4 56. Rd6 Rb2+ 57. Kc1 Rc2+ 58. Kb1 Rxc6 59. Rxc6 h2 60. Rc1 Bg1 0-1

[Event "KAZ-World Blitz (Women)"]
[Site "Astana"]
[Date "2023.04.19"]
[Round "6.1"]
[White "Abdumalik, Zhansaya"]
[Black "Mammadzada, Gunay Vuqar Qizi"]
[Result "0-1"]
[WhiteElo "2497"]
[BlackElo "2449"]
[PlyCount "102"]
[EventDate "2023.04.19"]
[EventType "team-schev (blitz)"]
[EventRounds "8"]
[EventCountry "KAZ"]
[SourceTitle "CBM 213 Extra"]
[Source "ChessBase"]
[SourceDate "2023.05.31"]
[SourceVersion "1"]
[SourceVersionDate "2023.05.31"]
[SourceQuality "1"]
[WhiteTeam "Kazakhstan"]
[BlackTeam "World"]
[WhiteTeamCountry "KAZ"]

1. e4 c5 2. Nc3 d6 3. g3 g6 4. Bg2 Bg7 5. Nge2 Nc6 6. d3 e6 7. 0-0 Nge7 8. h3 0-0 9. Be3 Nd4 10. Qd2 Rb8 11. a4 Nec6 12. f4 Qe7 13. Kh2 Bd7 14. Nd1 Nxe2 15. Qxe2 a6 16. a5 Qd8 17. Qd2 Re8 18. Nf2 Bxb2 19. c3 Bxa1 20. Rxa1 Nxa5 21. Rf1 Nc6 22. Ng4 f5 23. Nf2 Qf6 24. g4 a5 25. d4 cxd4 26. cxd4 Nb4 27. d5 exd5 28. Bd4 Qf7 29. exf5 Bb5 30. Rg1 Re2 31. Qc3 Bc4 32. Qg3 Nc6 33. Ba1 Rbe8 34. Qh4 d4 35. Bxc6 bxc6 36. Bxd4 c5 37. Ba1 Qe7 38. g5 Qe3 39. Rg2 Re4 40. fxg6 Qxf4+ 41. Qxf4 Rxf4 42. gxh7+ Kxh7 43. Kg3 Rf5 44. h4 Bd5 45. Rh2 a4 46. h5 Rf3+ 47. Kg4 Rexf2 48. g6+ Kh6 49. Rxf2 Rxf2 50. Bc3 Be6+ 51. Kg3 Rc2 0-1

[Event "KAZ-World Blitz (Women)"]
[Site "Astana"]
[Date "2023.04.19"]
[Round "8.2"]
[White "Hou, Yifan"]
[Black "Abdumalik, Zhansaya"]
[Result "1-0"]
[WhiteElo "2628"]
[BlackElo "2497"]
[PlyCount "99"]
[EventDate "2023.04.19"]
[EventType "team-schev (blitz)"]
[EventRounds "8"]
[EventCountry "KAZ"]
[SourceTitle "CBM 213 Extra"]
[Source "ChessBase"]
[SourceDate "2023.05.31"]
[SourceVersion "1"]
[SourceVersionDate "2023.05.31"]
[SourceQuality "1"]
[WhiteTeam "World"]
[BlackTeam "Kazakhstan"]
[BlackTeamCountry "KAZ"]

1. e4 e5 2. Nf3 Nc6 3. Bb5 a6 4. Ba4 Nf6 5. 0-0 d6 6. Re1 b5 7. Bb3 g6 8. c3 Bg7 9. h3 0-0 10. d4 Bb7 11. Nbd2 Re8 12. Bc2 exd4 13. cxd4 Nb4 14. Bb1 c5 15. d5 a5 16. a3 Na6 17. a4 bxa4 18. Rxa4 Nb4 19. Ra3 Ba6 20. Nb3 Bb5 21. Bf4 Nh5 22. Bg5 Qb6 23. Qd2 a4 24. Nc1 Nf6 25. Bh6 Bh8 26. Ng5 Qa5 27. Nf3 Nd7 28. Bf4 Qb6 29. Ne2 Bxe2 30. Rxe2 Qb5 31. Bxd6 Nxd5 32. Ng5 N5b6 33. Ba2 c4 34. Qf4 Bf6 35. e5 Qd5 36. Rd2 Bxg5 37. Qxg5 Qe4 38. Re3 Qc6 39. h4 Nd5 40. Rf3 Nf8 41. h5 Ra7 42. h6 f5 43. exf6 Qxd6 44. Qxd5+ Qxd5 45. Rxd5 Rc8 46. Rd4 Rac7 47. f7+ Kh8 48. Rff4 Ne6 49. Rxc4 Rxc4 50. Rxc4 1-0

[Event "KAZ-World Blitz (Women)"]
[Site "Astana"]
[Date "2023.04.19"]
[Round "2.2"]
[White "Mammadzada, Gunay Vuqar Qizi"]
[Black "Abdumalik, Zhansaya"]
[Result "1/2-1/2"]
[WhiteElo "2449"]
[BlackElo "2497"]
[PlyCount "123"]
[EventDate "2023.04.19"]
[EventType "team-schev (blitz)"]
[EventRounds "8"]
[EventCountry "KAZ"]
[SourceTitle "CBM 213 Extra"]
[Source "ChessBase"]
[SourceDate "2023.05.31"]
[SourceVersion "1"]
[SourceVersionDate "2023.05.31"]
[SourceQuality "1"]
[WhiteTeam "World"]
[BlackTeam "Kazakhstan"]
[BlackTeamCountry "KAZ"]

1. e4 e5 2. Nf3 Nc6 3. Bb5 a6 4. Ba4 Nf6 5. 0-0 Be7 6. Re1 b5 7. Bb3 0-0 8. c3 d5 9. exd5 Nxd5 10. Nxe5 Nxe5 11. Rxe5 c6 12. d3 Bd6 13. Re1 Bf5 14. Qf3 Qd7 15. Bxd5 cxd5 16. Bf4 Bxf4 17. Qxf4 Bxd3 18. Nd2 a5 19. Nb3 Bg6 20. a3 h6 21. h3 Qc6 22. Qd4 Qc4 23. Nc5 Qxd4 24. cxd4 Rfe8 25. f3 h5 26. h4 Bf5 27. Kf2 f6 28. Kg3 Kf7 29. Kf4 Bg6 30. Nb7 Kf8 31. Nd6 Reb8 32. Rac1 Ra6 33. Nf5 b4 34. Rc7 Re8 35. Rxe8+ Bxe8 36. Nxg7 Bf7 37. g4 Kxg7 38. gxh5 Ra8 39. h6+ Kg8 40. Kf5 Bh5 41. f4 Rf8 42. Rg7+ Kh8 43. Ra7 Bf3 44. Rxa5 Be4+ 45. Ke6 bxa3 46. bxa3 Kh7 47. Ke7 Rg8 48. Kxf6 Rf8+ 49. Kg5 Rf5+ 50. Kg4 Kxh6 51. Ra6+ Kg7 52. Ra7+ Kg6 53. h5+ Kh6 54. Ra6+ Kh7 55. Ra7+ Kg8 56. Ra8+ Kg7 57. Ra7+ Kg8 58. Ra8+ Kf7 59. Ra7+ Ke6 60. Ra6+ Ke7 61. Ra7+ Ke6 62. Ra6+ 1/2-1/2

[Event "KAZ-World Rapid (Women)"]
[Site "Astana"]
[Date "2023.04.18"]
[Round "7.3"]
[White "Abdumalik, Zhansaya"]
[Black "Harika, Dronavalli"]
[Result "1/2-1/2"]
[WhiteElo "2497"]
[BlackElo "2511"]
[PlyCount "72"]
[EventDate "2023.04.17"]
[EventType "team-schev (rapid)"]
[EventRounds "8"]
[EventCountry "KAZ"]
[SourceTitle "CBM 213 Extra"]
[Source "ChessBase"]
[SourceDate "2023.05.31"]
[SourceVersion "1"]
[SourceVersionDate "2023.05.31"]
[SourceQuality "1"]
[WhiteTeam "Kazakhstan"]
[BlackTeam "World"]
[WhiteTeamCountry "KAZ"]

1. e4 c5 2. Nf3 e6 3. g3 d5 4. exd5 exd5 5. d4 cxd4 6. Nxd4 Nc6 7. Bg2 Bc5 8. Nb3 Qe7+ 9. Qe2 Qxe2+ 10. Kxe2 Bb6 11. Nc3 Bg4+ 12. Kf1 Nge7 13. Nxd5 Nxd5 14. Bxd5 0-0-0 15. Bxc6 bxc6 16. Kg2 Rhe8 17. Bf4 Re2 18. Rhf1 f6 19. h4 Rxc2 20. Rac1 Rxb2 21. Rxc6+ Kb7 22. Rc3 Rc8 23. Rxc8 Bxc8 24. Nd2 Rxa2 25. Nc4 Be6 26. Nxb6 axb6 27. Rb1 Bd5+ 28. Kh3 Bc4 29. Be3 b5 30. h5 Kc6 31. h6 g5 32. g4 Kd5 33. Rd1+ Ke6 34. Bc5 Ra6 35. Rd8 Rc6 36. Bb4 Rc7 1/2-1/2

[Event "KAZ-World Rapid (Women)"]
[Site "Astana"]
[Date "2023.04.18"]
[Round "6.3"]
[White "Mammadzada, Gunay Vuqar Qizi"]
[Black "Abdumalik, Zhansaya"]
[Result "0-1"]
[WhiteElo "2449"]
[BlackElo "2497"]
[PlyCount "76"]
[EventDate "2023.04.17"]
[EventType "team-schev (rapid)"]
[EventRounds "8"]
[EventCountry "KAZ"]
[SourceTitle "CBM 213 Extra"]
[Source "ChessBase"]
[SourceDate "2023.05.31"]
[SourceVersion "1"]
[SourceVersionDate "2023.05.31"]
[SourceQuality "1"]
[WhiteTeam "World"]
[BlackTeam "Kazakhstan"]
[BlackTeamCountry "KAZ"]

1. e4 e5 2. Nf3 Nc6 3. Bb5 a6 4. Ba4 Nf6 5. 0-0 d6 6. Re1 g6 7. c3 Bg7 8. d4 b5 9. Bc2 0-0 10. h3 exd4 11. cxd4 Nb4 12. Bb3 c5 13. a3 Nc6 14. dxc5 dxc5 15. e5 Qxd1 16. Rxd1 Nd7 17. Bd5 Bb7 18. e6 Nb6 19. exf7+ Kh8 20. Bxc6 Bxc6 21. Ng5 Bd5 22. Nc3 Bb3 23. Rd6 Nc4 24. Rc6 Ne5 25. Rxc5 Nd3 26. Rc6 h6 27. Ne6 Bxe6 28. Rxe6 Rxf7 29. f3 Kh7 30. Rd6 Ne5 31. Rd1 Rc8 32. Ne4 Rc2 33. Rd2 Rfc7 34. Rd1 Nc4 35. a4 Nxb2 36. Bxb2 Bxb2 37. axb5 Bxa1 38. Rxa1 axb5 0-1

[Event "KAZ-World Rapid (Women)"]
[Site "Astana"]
[Date "2023.04.17"]
[Round "2.4"]
[White "Abdumalik, Zhansaya"]
[Black "Mammadzada, Gunay Vuqar Qizi"]
[Result "1/2-1/2"]
[WhiteElo "2497"]
[BlackElo "2449"]
[PlyCount "133"]
[EventDate "2023.04.17"]
[EventType "team-schev (rapid)"]
[EventRounds "8"]
[EventCountry "KAZ"]
[SourceTitle "CBM 213 Extra"]
[Source "ChessBase"]
[SourceDate "2023.05.31"]
[SourceVersion "1"]
[SourceVersionDate "2023.05.31"]
[SourceQuality "1"]
[WhiteTeam "Kazakhstan"]
[BlackTeam "World"]
[WhiteTeamCountry "KAZ"]

1. e4 c5 2. Nc3 d6 3. d4 cxd4 4. Qxd4 Nc6 5. Qd2 g6 6. b3 Bh6 7. f4 Nf6 8. Bb2 0-0 9. 0-0-0 a5 10. a4 Qb6 11. g3 Nb4 12. h3 d5 13. Nxd5 Nfxd5 14. exd5 Bf5 15. Bd4 Qd6 16. c4 Bc2 17. Kb2 Bxd1 18. Qxd1 e6 19. Ne2 exd5 20. Nc3 Rad8 21. c5 Qe6 22. Bb5 Bg7 23. Re1 Qf5 24. Bxg7 Kxg7 25. Qd4+ Qf6 26. Rd1 Qxd4 27. Rxd4 f6 28. f5 g5 29. h4 h6 30. Ne2 Rc8 31. Rd2 Rxc5 32. Nd4 Rfc8 33. Ne6+ Kf7 34. Nxc5 Rxc5 35. Bd7 Ke7 36. Be6 Kd6 37. hxg5 hxg5 38. Rh2 d4 39. Rh7 d3 40. Rd7+ Kc6 41. Kb1 Nd5 42. g4 Nf4 43. Rd8 Kb6 44. Bc4 Kc7 45. Rd4 Re5 46. Bxd3 Re3 47. Bc2 Rg3 48. Bd1 Kc6 49. b4 axb4 50. Rxb4 Rg1 51. Kc2 Rg2+ 52. Kb3 Rg3+ 53. Kc2 Nd5 54. Rc4+ Kd6 55. Re4 Re3 56. Rc4 Re1 57. Rc8 Re7 58. Bf3 Nf4 59. Rb8 Rc7+ 60. Kd2 Rc4 61. a5 Ra4 62. Ra8 Rb4 63. Rf8 Ke5 64. Re8+ Kd6 65. Rf8 Ke5 66. Re8+ Kd6 67. Rf8 1/2-1/2

[Event "KAZ-World Rapid (Women)"]
[Site "Astana"]
[Date "2023.04.17"]
[Round "1.4"]
[White "Dzagnidze, Nana"]
[Black "Abdumalik, Zhansaya"]
[Result "1/2-1/2"]
[WhiteElo "2525"]
[BlackElo "2497"]
[PlyCount "48"]
[EventDate "2023.04.17"]
[EventType "team-schev (rapid)"]
[EventRounds "8"]
[EventCountry "KAZ"]
[SourceTitle "CBM 213 Extra"]
[Source "ChessBase"]
[SourceDate "2023.05.31"]
[SourceVersion "1"]
[SourceVersionDate "2023.05.31"]
[SourceQuality "1"]
[WhiteTeam "World"]
[BlackTeam "Kazakhstan"]
[BlackTeamCountry "KAZ"]

1. d4 Nf6 2. c4 g6 3. g3 Bg7 4. Bg2 d5 5. cxd5 Nxd5 6. e4 Nb6 7. Ne2 0-0 8. Nbc3 Nc6 9. e5 f6 10. f4 fxe5 11. dxe5 Qxd1+ 12. Nxd1 Nb4 13. 0-0 c6 14. Ne3 Rd8 15. b3 a5 16. Nc3 Rd3 17. Ne4 a4 18. Nc5 Rc3 19. Bd2 Rxc5 20. Bxb4 Rb5 21. Bxe7 axb3 22. axb3 Rxa1 23. Rxa1 Rxb3 24. Bd8 Bf8 1/2-1/2

[Event "Munich FIDE GP (Women)"]
[Site "Munich"]
[Date "2023.02.09"]
[Round "7"]
[White "Abdumalik, Zhansaya"]
[Black "Tan, Zhongyi"]
[Result "1/2-1/2"]
[WhiteElo "2496"]
[BlackElo "2530"]
[PlyCount "106"]
[EventDate "2023.02.02"]
[EventType "tourn"]
[EventRounds "11"]
[EventCountry "GER"]
[EventCategory "11"]
[SourceTitle "CBM 212 Extra"]
[Source "ChessBase"]
[SourceDate "2023.03.31"]
[SourceVersion "1"]
[SourceVersionDate "2023.03.31"]
[SourceQuality "1"]

1. e4 c6 2. d4 d5 3. f3 dxe4 4. fxe4 e5 5. Nf3 Bg4 6. Bc4 Nd7 7. 0-0 Ngf6 8. c3 Bd6 9. a4 0-0 10. Nbd2 Bc7 11. Qe1 Bh5 12. Kh1 Re8 13. Bb3 exd4 14. cxd4 c5 15. d5 Ne5 16. Nxe5 Rxe5 17. Bc2 Nxd5 18. Nf3 Nb4 19. Bb3 Nd3 20. Qe3 Re8 21. Ng5 Ne5 22. Qh3 Bg6 23. Bd5 h6 24. Nf3 Nd3 25. Bxh6 Bf4 26. Nh4 Bxe4 27. Bxf7+ Kxf7 28. Bxf4 Kg8 29. Nf5 Qf6 30. Bg3 Rf8 31. Ne3 Qh6 32. Qxh6 gxh6 33. Ng4 Kg7 34. Nf2 Nxf2+ 35. Rxf2 Rxf2 36. Bxf2 Rd8 37. Bxc5 Rd2 38. Bxa7 Rxg2 39. h4 Kh7 40. a5 h5 41. Bb6 Bc6 42. Ra3 Kg6 43. Rc3 Be4 44. Re3 Bd5 45. Rc3 Kf6 46. Rc5 Be4 47. Bd8+ Ke6 48. Bb6 Kd6 49. Rc3 Ke5 50. Re3 Rxb2+ 51. Kg1 Kf4 52. Rc3 Kg4 53. Rc4 Kf3 1/2-1/2